| 000 | 01796nam0a2200361 4500 | ||
|---|---|---|---|
| 001 | RU\NLR\bibl\1867471 | ||
| 005 | 20250616184921.0 | ||
| 010 |
_a978-5-98660-079-6 _9300 |
||
| 021 |
_aRU _b2012-2146 _9160 |
||
| 035 | _a(NLR Aleph) 001857336 | ||
| 090 |
_a2483844 _c2483844 |
||
| 100 | _a20120209d2011 |||y0rusy50 ca | ||
| 101 | 0 | _arus | |
| 102 | _aRU | ||
| 105 | _ay ||||||||| | ||
| 200 | 1 |
_aПоказатели адаптивности и стрессоустойчивости животных _eсправочник _fС.А. Нефедова, А.А. Коровушкин, Е.А. Шашурина |
|
| 210 |
_aРязань _cРязанский государственный агротехнологический университет _d2011 |
||
| 215 |
_a50 с. _d21 |
||
| 320 | _aБиблиогр.: с. 43-50 (66 назв.) | ||
| 606 | 1 |
_aСельскохозяйственные животные _jСправочники _xСтрессоустойчивость _92108450 _3RU\NLR\auth\661578026 |
|
| 606 | 1 |
_aСельскохозяйственные животные _jСправочники _xАдаптация к радиоактивному загрязнению окружающей среды _92108451 _3RU\NLR\auth\661578027 |
|
| 686 | _aП836.51я2 | ||
| 686 | _aП528я2 | ||
| 700 | 1 |
_4070 _7ca _8rus _aНефедова _bС. А. _cд-р биол. наук _gСветлана Александровна _9148205 _3RU\NLR\AUTH\770148241 |
|
| 701 | 1 |
_aКоровушкин _bА. А. _gАлексей Александрович _4070 |
|
| 701 | 1 |
_aШашурина _bЕ. А. _gЕлена Александровна _4070 |
|
| 801 | 0 |
_aRU _bNLR _c20120209 _gRCR |
|
| 801 | 1 |
_aRU _bNLR _c20120209 |
|
| 942 | _cBOOK | ||
| 980 | _aNB | ||
| 980 | _aNBR | ||